000 00295nam a2200121Ia 4500
008 220214s9999 xx 000 0 und d
100 _aSer C S
245 0 _aSteam bending properties of rubberwood
260 _bMalaysian Forester
_c1980
300 _a506-510
700 _aLim S C
942 _cRE
999 _c45959
_d45959